[Event "21. Copenhagen Open  (Politiken Cup)"]
[Site "Copenhagen"]
[Date "1999.07.06"]
[Round "4"]
[White "Danielsen, Henrik"]
[Black "Skytte, Rasmus"]
[Result "0-1"]
[WhiteElo "2512"]
[BlackElo "2338"]
[Annotator "Niels Erik Andersen"]
[PlyCount "92"]
[EventDate "1999.07.03"]
[EventType "swiss"]
[EventRounds "11"]
[EventCountry "DEN"]
[SourceDate "2004.01.01"]

1. f4 d6 2. e4 d5 3. e5 c5 4. Nf3 Nc6 5. Nc3 Bg4 6. Bb5 e6 7. Bxc6+ bxc6 8. d3
Nh6 9. O-O Nf5 10. Qe1 h5 11. Na4 Qb8 12. b3 c4 13. dxc4 a5 14. c5 Qb4 15. Be3
Qe4 16. Bd2 Qxc2 17. Bc3 Bxf3 18. Rxf3 Be7 19. Rc1 Qe4 20. Qd2 d4 21. Bxa5 g5
22. Bc7 Rg8 23. Nb6 gxf4 24. Rxf4 Rxa2 25. Qxa2 Qe3+ 26. Rf2 Qxc1+ (26... Rxg2+
27. Kxg2 Qg5+ 28. Kf1 (28. Kh1 Qxc1+ 29. Kg2 Nh4+ 30. Kg3 Qe3+ 31. Rf3 Qxf3#)
28... Qxc1+ 29. Ke2 d3+ 30. Kxd3 Qe3+ 31. Kc2 (31. Kc4 Qd4#) 31... Qxf2+ 32.
Kb1 Qg1+ 33. Kb2 Qxh2+ 34. Kb1 Qxa2+ 35. Kxa2 h4 36. Nc4 h3 37. Nd6+ Bxd6 38.
cxd6 h2 39. Ba5 h1=Q) 27. Rf1 Qe3+ 28. Kh1 Kf8 29. Qa8+ Kg7 30. Qxc6 d3 31. Bd6
Nd4 32. Qa4 Bh4 33. Qa7 Nf5 34. Qb7 d2 35. Nc4 Qe1 36. Qf3 Kh6 37. Qd1 Ne3 38.
Rxe1 dxe1=Q+ 39. Qxe1 Bxe1 40. Nxe3 Ra8 41. g3 Ra3 42. Nc2 Rxb3 43. c6 Ba5 44.
Nd4 Rc3 45. Ne2 Rxc6 46. Nf4 Bc7 0-1

[Event "21. Copenhagen Open  (Politiken Cup)"]
[Site "Copenhagen"]
[Date "1999.07.06"]
[Round "4"]
[White "Dinesen, Henrik"]
[Black "Brantzeg, Pal"]
[Result "0-1"]
[WhiteElo "1129"]
[BlackElo "1476"]
[PlyCount "48"]
[EventDate "1999.07.03"]
[EventType "swiss"]
[EventRounds "11"]
[EventCountry "DEN"]
[SourceDate "2004.01.01"]

1. d4 Nf6 2. c4 c5 3. d5 b5 4. cxb5 a6 5. bxa6 Bxa6 6. Nc3 g6 7. g3 d6 8. Bg2
Bg7 9. Nf3 Nbd7 10. O-O O-O 11. Re1 Ng4 12. Qc2 Qc7 13. h3 Nge5 14. Bg5 Nxf3+
15. Bxf3 Ne5 16. Bg2 Rfb8 17. b3 h6 18. Bf4 c4 19. bxc4 Nxc4 20. Rac1 Qa5 21.
e4 Rb2 22. Qa4 Bxc3 23. Qxa5 Bxa5 24. Red1 Bb6 0-1

[Event "21. Copenhagen Open  (Politiken Cup)"]
[Site "Copenhagen"]
[Date "1999.07.06"]
[Round "4"]
[White "El Kher, Henrik"]
[Black "Baburin, Alexander"]
[Result "0-1"]
[WhiteElo "2332"]
[BlackElo "2593"]
[PlyCount "82"]
[EventDate "1999.07.03"]
[EventType "swiss"]
[EventRounds "11"]
[EventCountry "DEN"]
[SourceDate "2004.01.01"]

1. e4 Nf6 2. Nc3 d5 3. e5 Nfd7 4. e6 fxe6 5. d4 c5 6. Nf3 g6 7. h4 Bg7 8. h5
Nc6 9. dxc5 Nxc5 10. hxg6 d4 11. Ne2 e5 12. Rxh7 Rxh7 13. gxh7 Bf5 14. Ng3 Bxh7
15. Ng5 Bg6 16. Be2 Qd6 17. Bh5 O-O-O 18. Qg4+ Kb8 19. Bxg6 Qxg6 20. Qf5 Qxf5
21. Nxf5 Bf6 22. Nf7 Rf8 23. N7h6 e6 24. Nd6 Be7 25. Ndf7 e4 26. Bf4+ e5 27.
Bh2 Kc8 28. a3 d3 29. c3 Nb3 30. Rd1 Kd7 31. Nxe5+ Nxe5 32. Bxe5 Ke6 33. Bg7
Rd8 34. c4 Bg5 35. g4 Nd4 36. Nf5 Nxf5 37. gxf5+ Kxf5 38. Kf1 Bf4 39. c5 a6 40.
b4 e3 41. fxe3 Bxe3 0-1

[Event "21. Copenhagen Open  (Politiken Cup)"]
[Site "Copenhagen"]
[Date "1999.07.06"]
[Round "4"]
[White "Gislason, Ingolfur"]
[Black "Nielsen, Michael Backmann"]
[Result "1-0"]
[WhiteElo "1810"]
[BlackElo "1514"]
[PlyCount "75"]
[EventDate "1999.07.03"]
[EventType "swiss"]
[EventRounds "11"]
[EventCountry "DEN"]
[SourceDate "2004.01.01"]

1. d4 d5 2. c4 e6 3. Nc3 Nf6 4. cxd5 exd5 5. Bg5 c6 6. e3 Bf5 7. Qb3 Qb6 8.
Bxf6 Qxb3 9. axb3 gxf6 10. Kd2 Rg8 11. Nge2 Bd6 12. Ng3 Bg6 13. Bd3 Bxd3 14.
Kxd3 Na6 15. Nf5 Nb4+ 16. Ke2 Kd7 17. g3 Ke6 18. Nxd6 Kxd6 19. Na4 f5 20. Nc5
b6 21. Nd3 Nxd3 22. Kxd3 a5 23. Rhc1 h5 24. Rc3 Rgc8 25. Ke2 Ra7 26. Kf3 Ke6
27. Rac1 Rac7 28. Kf4 Kf6 29. f3 c5 30. h3 Ke6 31. e4 fxe4 32. fxe4 dxe4 33.
Kxe4 f5+ 34. Kf4 Kf6 35. dxc5 Rxc5 36. Rxc5 Rxc5 37. Rxc5 bxc5 38. h4 1-0

[Event "21. Copenhagen Open  (Politiken Cup)"]
[Site "Copenhagen"]
[Date "1999.07.06"]
[Round "4"]
[White "Gozzi, Giorgio"]
[Black "Meulenbroek, Kim"]
[Result "0-1"]
[WhiteElo "1657"]
[BlackElo "1940"]
[PlyCount "63"]
[EventDate "1999.07.03"]
[EventType "swiss"]
[EventRounds "11"]
[EventCountry "DEN"]
[SourceDate "2004.01.01"]

1. e4 c5 2. Nf3 d6 3. d4 cxd4 4. Nxd4 Nf6 5. Nc3 a6 6. a4 e5 7. Nb3 Be6 8. Be2
Be7 9. O-O Nc6 10. Be3 O-O 11. Qd2 Rc8 12. f4 exf4 13. Bxf4 Bxb3 14. cxb3 Qb6+
15. Be3 Qxb3 16. Ra3 Qe6 17. Bg5 Nxe4 18. Nxe4 Qxe4 19. Bf3 Bxg5 20. Qxg5 Qe5
21. Qxe5 dxe5 22. Re3 f6 23. Bd5+ Kh8 24. Rb3 Rfd8 25. Be6 Rc7 26. Rc3 Re7 27.
Bc4 Nd4 28. Kf2 g6 29. g4 Kg7 30. Kg2 Rc7 31. Rfc1 a5 32. Bb5 0-1

[Event "21. Copenhagen Open  (Politiken Cup)"]
[Site "Copenhagen"]
[Date "1999.07.06"]
[Round "4"]
[White "Grigorian, Anusit"]
[Black "Larusdottir, Aldis Run"]
[Result "0-1"]
[WhiteElo "2000"]
[BlackElo "1350"]
[PlyCount "128"]
[EventDate "1999.07.03"]
[EventType "swiss"]
[EventRounds "11"]
[EventCountry "DEN"]
[SourceDate "2004.01.01"]

1. d4 c6 2. c4 d5 3. Nc3 Nf6 4. cxd5 cxd5 5. Nf3 Bg4 6. Ne5 Bd7 7. Qb3 Qb6 8.
Qxb6 axb6 9. Bg5 Ne4 10. Nxd5 Ra5 11. Nc7+ Kd8 12. Nxf7+ Kxc7 13. Bd2 Nxd2 14.
Nxh8 Ne4 15. f3 Nd6 16. e4 e6 17. Rc1+ Nc6 18. Bc4 Kb8 19. d5 exd5 20. Bxd5 Nb4
21. O-O Nxd5 22. exd5 Rxd5 23. Rfd1 Rxd1+ 24. Rxd1 Be6 25. Rd4 Bxa2 26. Rh4 h6
27. Ng6 Nf5 28. Re4 Bc5+ 29. Kh1 Bb1 30. Re8+ Ka7 31. Nf4 Ba2 32. Re5 Nd4 33.
Nd3 Nc6 34. Re1 Kb8 35. Re8+ Kc7 36. Re1 Bd6 37. Kg1 Bc4 38. Nc1 Nd4 39. Rd1
Bc5 40. Kh1 Nf5 41. b3 Bf7 42. Re1 Nd4 43. Re4 Nxb3 44. Ne2 Kc6 45. Rg4 Bf8 46.
Rf4 Be7 47. Rxf7 Bf6 48. h4 b5 49. g4 Nd2 50. f4 b4 51. g5 hxg5 52. Rxf6+ gxf6
53. h5 Ne4 54. h6 Nd6 55. h7 Nf7 56. fxg5 fxg5 57. Kg2 Kd5 58. Kf3 b3 59. Nc3+
Ke5 60. Kg4 b2 61. h8=Q+ Nxh8 62. Kxg5 Kd4 63. Nb1 Kd3 64. Kf4 b5 0-1

[Event "21. Copenhagen Open  (Politiken Cup)"]
[Site "Copenhagen"]
[Date "1999.07.06"]
[Round "4"]
[White "Grigoryan, Meri"]
[Black "Kragh, Niels Kristian"]
[Result "0-1"]
[WhiteElo "2100"]
[BlackElo "1813"]
[PlyCount "102"]
[EventDate "1999.07.03"]
[EventType "swiss"]
[EventRounds "11"]
[EventCountry "DEN"]
[SourceDate "2004.01.01"]

1. Nf3 Nc6 2. d4 d5 3. g3 Bg4 4. Bg2 Qd7 5. Ne5 Nxe5 6. dxe5 O-O-O 7. Qd4 Kb8
8. Be3 b6 9. Nc3 Be6 10. b4 f6 11. a4 Nh6 12. Bxh6 gxh6 13. a5 Bg7 14. axb6
cxb6 15. exf6 Bxf6 16. Qf4+ Qd6 17. Qxd6+ Rxd6 18. Ra3 Rc8 19. Nb5 Rd7 20. c3
d4 21. Nxd4 Bxd4 22. cxd4 Rc1+ 23. Kd2 Rxh1 24. Bxh1 Rxd4+ 25. Rd3 Rxb4 26. Re3
Rb2+ 27. Kc1 Ra2 28. Rxe6 Ra1+ 29. Kd2 Rxh1 30. h4 Rb1 31. Rxe7 a5 32. Kc2 Rb5
33. Kc3 a4 34. Kc4 Rb1 35. Re3 b5+ 36. Kc5 b4 37. Re8+ Kc7 38. Re7+ Kd8 39. Ra7
a3 40. Kc4 Rb2 41. Rxh7 a2 42. Rh8+ Ke7 43. Rh7+ Kf8 44. Ra7 b3 45. Ra8+ Ke7
46. Ra7+ Kd8 47. Ra8+ Kc7 48. g4 Rb1 49. g5 hxg5 50. hxg5 b2 51. Rxa2 Rc1+ 0-1

[Event "21. Copenhagen Open  (Politiken Cup)"]
[Site "Copenhagen"]
[Date "1999.07.06"]
[Round "4"]
[White "Gunter, David WW"]
[Black "Matthiesen, Martin"]
[Result "0-1"]
[WhiteElo "2146"]
[BlackElo "2322"]
[PlyCount "104"]
[EventDate "1999.07.03"]
[EventType "swiss"]
[EventRounds "11"]
[EventCountry "DEN"]
[SourceDate "2004.01.01"]

1. g3 c5 2. Bg2 Nc6 3. Nf3 d5 4. d4 Nf6 5. O-O e6 6. c4 dxc4 7. Qa4 Bd7 8. Qxc4
cxd4 9. Nxd4 Rc8 10. Nc3 Nxd4 11. Qxd4 Bc5 12. Qd3 Bc6 13. Bxc6+ Rxc6 14. Qxd8+
Kxd8 15. Bf4 Ke7 16. Kg2 Bb4 17. Be5 a6 18. a3 Ba5 19. Rac1 Rhc8 20. Na2 g6 21.
Rxc6 Rxc6 22. Rc1 Rxc1 23. Nxc1 Nd7 24. Bd4 e5 25. Nb3 Bc7 26. Bc3 b5 27. e4
Bd6 28. f3 Nb6 29. Bd2 Nc4 30. Bc1 a5 31. Kf2 a4 32. Nd2 Bc5+ 33. Ke2 Be3 34.
Kd1 Bxd2 35. Bxd2 Nxb2+ 36. Kc2 Nc4 37. Bc1 Kd6 38. Kc3 f5 39. Bh6 Kc6 40. Kb4
Nb2 41. Kc3 Nc4 42. Kb4 Nd6 43. Bg7 fxe4 44. fxe4 Nxe4 45. Bxe5 g5 46. h4 g4
47. Bf4 Nf6 48. Ka5 Kc5 49. Bd2 Ne4 50. Be3+ Kc4 51. Bf4 Nc3 52. Be5 b4 0-1

[Event "21. Copenhagen Open  (Politiken Cup)"]
[Site "Copenhagen"]
[Date "1999.07.06"]
[Round "4"]
[White "Hansen, Anders"]
[Black "Rosenberg, Jan"]
[Result "1-0"]
[WhiteElo "1937"]
[BlackElo "1624"]
[PlyCount "81"]
[EventDate "1999.07.03"]
[EventType "swiss"]
[EventRounds "11"]
[EventCountry "DEN"]
[SourceDate "2004.01.01"]

1. d4 Nf6 2. c4 c5 3. d5 b5 4. cxb5 a6 5. f3 g6 6. e4 d6 7. Nc3 Bg7 8. Bc4 O-O
9. Nge2 axb5 10. Nxb5 Nbd7 11. Nec3 Ba6 12. O-O Ne5 13. Be2 Qb6 14. Be3 Qb7 15.
Rb1 Rfc8 16. a4 Ned7 17. b3 Ne8 18. Qd2 Bxb5 19. Bxb5 Qa7 20. Bc6 Rxc6 21. dxc6
Ne5 22. Nb5 Qb6 23. Rfc1 Qxc6 24. Qc2 Qd7 25. b4 c4 26. Rd1 Rc8 27. Nc3 Nd3 28.
Nd5 Qe6 29. b5 f5 30. b6 fxe4 31. b7 Rb8 32. Qxc4 Kh8 33. Qxe4 Qxe4 34. fxe4
Nc5 35. Bxc5 dxc5 36. Nxe7 Bd4+ 37. Kh1 Nd6 38. e5 Ne4 39. Rxd4 cxd4 40. Nc6 d3
41. Nxb8 1-0

[Event "21. Copenhagen Open  (Politiken Cup)"]
[Site "Copenhagen"]
[Date "1999.07.06"]
[Round "4"]
[White "Hansen, Erik Svaerke"]
[Black "Pedersen, Kaj Vinding"]
[Result "1/2-1/2"]
[WhiteElo "1626"]
[BlackElo "1497"]
[PlyCount "99"]
[EventDate "1999.07.03"]
[EventType "swiss"]
[EventRounds "11"]
[EventCountry "DEN"]
[SourceDate "2004.01.01"]

1. d4 Nf6 2. Nc3 d5 3. e4 dxe4 4. f3 Bf5 5. fxe4 Bxe4 6. Nxe4 Nxe4 7. Qf3 Qxd4
8. Bd3 Nd6 9. Ne2 Qf6 10. Qg3 Nc6 11. Rf1 Qe5 12. Bf4 Qe6 13. O-O-O g6 14. Nc3
Bg7 15. Rde1 Qd7 16. Bd2 O-O 17. h4 h5 18. Rf4 e5 19. Rf3 Nd4 20. Ref1 Nxf3 21.
gxf3 Nf5 22. Qh3 Rad8 23. Bg5 f6 24. Bd2 Ne7 25. Bc4+ Kh7 26. Qg2 Bh6 27. Bxh6
Kxh6 28. Rg1 Qf5 29. Ne4 Qf4+ 30. Kb1 Rd4 31. Bd3 b6 32. Nc3 Rxd3 33. cxd3 Rg8
34. Qf2 Qd4 35. Qd2+ Qf4 36. Qf2 c6 37. Ne4 Rf8 38. Nc3 Nf5 39. Nd1 Qxh4 40.
Qd2+ Qf4 41. Qg2 Rg8 42. Rh1 Ne3 43. Nxe3 Qxe3 44. Rxh5+ Kxh5 45. Qh3+ Kg5 46.
Qg4+ Kh6 47. Qh3+ Kg7 48. Qd7+ Kh8 49. Qh3+ Kg7 50. Qd7+ 1/2-1/2

[Event "21. Copenhagen Open  (Politiken Cup)"]
[Site "Copenhagen"]
[Date "1999.07.06"]
[Round "4"]
[White "Hansen, Sune Berg"]
[Black "Barkhagen, Jonas"]
[Result "1-0"]
[WhiteElo "2558"]
[BlackElo "2442"]
[PlyCount "61"]
[EventDate "1999.07.03"]
[EventType "swiss"]
[EventRounds "11"]
[EventCountry "DEN"]
[SourceDate "2004.01.01"]

1. e4 e5 2. Nf3 Nc6 3. Bb5 a6 4. Ba4 Nf6 5. O-O Be7 6. Re1 b5 7. Bb3 d6 8. c3
O-O 9. h3 Nd7 10. d4 Bf6 11. a4 Bb7 12. d5 Ne7 13. axb5 axb5 14. Rxa8 Qxa8 15.
Na3 Ba6 16. Nh2 Rb8 17. Ng4 b4 18. cxb4 Rxb4 19. Bd2 Rb6 20. Ba4 Nc5 21. Nxf6+
gxf6 22. b4 Nxa4 23. Qxa4 c6 24. Nc4 Rb8 25. Ra1 cxd5 26. exd5 Bb7 27. Qd1 Ba6
28. Nxd6 Rd8 29. Qg4+ Ng6 30. Ne4 Qc8 31. Qh5 1-0

[Event "21. Copenhagen Open  (Politiken Cup)"]
[Site "Copenhagen"]
[Date "1999.07.06"]
[Round "4"]
[White "Hau, Helge"]
[Black "Hogh, Sidsel T"]
[Result "1-0"]
[WhiteElo "1492"]
[BlackElo "1150"]
[PlyCount "99"]
[EventDate "1999.07.03"]
[EventType "swiss"]
[EventRounds "11"]
[EventCountry "DEN"]
[SourceDate "2004.01.01"]

1. b3 e5 2. Bb2 Nc6 3. e3 d5 4. Be2 Bd6 5. Nf3 Bd7 6. d3 Nf6 7. Nbd2 O-O 8. h3
Re8 9. c3 Rb8 10. Qc2 Bf5 11. g4 Bd7 12. O-O-O Qe7 13. Nb1 Be6 14. Rhg1 Qd7 15.
Ng5 Ne7 16. Nxe6 Qxe6 17. g5 Nd7 18. h4 g6 19. Nd2 f6 20. Bg4 f5 21. Bh3 Nc5
22. b4 Na6 23. a3 c5 24. b5 Nc7 25. a4 b6 26. c4 d4 27. Ne4 Rf8 28. Nf6+ Kg7
29. exd4 exd4 30. Rde1 Qc8 31. Bg2 Ne8 32. Nxe8+ Rxe8 33. Kb1 Qd7 34. Bc1 Rbd8
35. f4 Qc7 36. Qf2 Nc8 37. Bc6 Rxe1 38. Rxe1 Ne7 39. Bg2 Re8 40. Re2 Qd8 41.
Qe1 Kf7 42. Bf3 Kf8 43. h5 Nc8 44. hxg6 hxg6 45. Qh4 Ne7 46. Qh6+ Kf7 47. Qh7+
Kf8 48. Re6 Ng8 49. Rxg6 Ne7 50. Qg7# 1-0

[Event "21. Copenhagen Open  (Politiken Cup)"]
[Site "Copenhagen"]
[Date "1999.07.06"]
[Round "4"]
[White "Henrichsen, Jens"]
[Black "Moller, Arne"]
[Result "1/2-1/2"]
[WhiteElo "2059"]
[BlackElo "1865"]
[PlyCount "180"]
[EventDate "1999.07.03"]
[EventType "swiss"]
[EventRounds "11"]
[EventCountry "DEN"]
[SourceDate "2004.01.01"]

1. d4 Nf6 2. c4 e6 3. Nf3 b6 4. g3 Bb7 5. Bg2 Be7 6. O-O O-O 7. Nc3 d6 8. Qc2
Nbd7 9. Rd1 c6 10. b3 d5 11. Bb2 Rc8 12. cxd5 cxd5 13. Qd3 a6 14. a4 Bb4 15.
Na2 Bd6 16. b4 Qe7 17. Nd2 Rfd8 18. b5 a5 19. f4 Nf8 20. Nc3 Bb4 21. Na2 Bd6
22. Nc3 Ng6 23. e3 Rc7 24. e4 dxe4 25. Ndxe4 Nxe4 26. Nxe4 Bb4 27. Rac1 Rcd7
28. Qe2 h6 29. h4 Bd5 30. Qe3 Nf8 31. Rc2 Nh7 32. Rdc1 Bb7 33. Kh2 g5 34. hxg5
hxg5 35. Nxg5 Nxg5 36. fxg5 Bxg2 37. Kxg2 Rd5 38. Rc6 Rxg5 39. Rxb6 Rdd5 40.
Rb8+ Kg7 41. Rcc8 Bd6 42. Rg8+ Kf6 43. Rxg5 Rxg5 44. d5+ e5 45. Bc1 Rg6 46. Rc8
Kg7 47. Bb2 Kh7 48. Qf3 Kg7 49. Qh5 Rh6 50. Qg4+ Rg6 51. Qf5 Rg5 52. Qh3 Kf6
53. Qh6+ Kf5 54. Qh7+ Rg6 55. Rg8 Ke4 56. Rxg6 fxg6 57. Qxg6+ Kxd5 58. Qd3+ Ke6
59. Qc4+ Kf5 60. g4+ Kg6 61. Qe4+ Kg7 62. b6 Qg5 63. Kg3 Bb8 64. Bc3 Bd6 65. b7
Kf6 66. Bxa5 Qc1 67. Be1 Ke7 68. Bf2 Qa3+ 69. Be3 Kd7 70. g5 Qc3 71. Kg4 Qb3
72. a5 Qd1+ 73. Kh3 Qf1+ 74. Kg4 Qd1+ 75. Kf5 Qb3 76. Kg6 Ke7 77. Qf5 Qg8+ 78.
Kh6 Qa2 79. Qf6+ Kd7 80. Qxd6+ Kxd6 81. b8=Q+ Ke6 82. Qb6+ Kf5 83. Qf6+ Kg4 84.
Qxe5 Qe2 85. g6 Qa6 86. Qf4+ Kh3 87. Qf3+ Kh2 88. Bf4+ Kg1 89. Be3+ Kh2 90. Kh7
Qxg6+ 1/2-1/2

[Event "21. Copenhagen Open  (Politiken Cup)"]
[Site "Copenhagen"]
[Date "1999.07.06"]
[Round "4"]
[White "Hoff, Terje"]
[Black "Lynge, Torben"]
[Result "1-0"]
[WhiteElo "2040"]
[BlackElo "1708"]
[PlyCount "71"]
[EventDate "1999.07.03"]
[EventType "swiss"]
[EventRounds "11"]
[EventCountry "DEN"]
[SourceDate "2004.01.01"]

1. d4 d5 2. c4 e6 3. Nc3 Nf6 4. Bf4 c6 5. e3 Bd6 6. Bxd6 Qxd6 7. c5 Qc7 8. f4
Nbd7 9. Bd3 b6 10. b4 a5 11. a3 Ba6 12. Bxa6 Rxa6 13. b5 Ra8 14. cxb6 Nxb6 15.
Nf3 Nc4 16. bxc6 Qxc6 17. Qe2 O-O 18. O-O Rfc8 19. Rfc1 Ng4 20. Ne5 Ngxe5 21.
fxe5 Qd7 22. a4 Qe7 23. e4 dxe4 24. Nxe4 Nb6 25. Rxc8+ Rxc8 26. Nd6 Rd8 27. Rb1
Nxa4 28. Qa6 Nc3 29. Rb7 Qh4 30. Qf1 Qxd4+ 31. Kh1 f6 32. Rxg7+ Kh8 33. Nf7+
Kxg7 34. Qxf6+ Kf8 35. Nh6+ Ke8 36. Qf7# 1-0

[Event "21. Copenhagen Open  (Politiken Cup)"]
[Site "Copenhagen"]
[Date "1999.07.06"]
[Round "4"]
[White "Jacobsen, Jesper Howalt"]
[Black "Olsen, Miriam Frida"]
[Result "1/2-1/2"]
[WhiteElo "1180"]
[BlackElo "1000"]
[PlyCount "82"]
[EventDate "1999.07.03"]
[EventType "swiss"]
[EventRounds "11"]
[EventCountry "DEN"]
[SourceDate "2004.01.01"]

1. e4 c5 2. Nf3 d6 3. d4 cxd4 4. Nxd4 Nf6 5. Nc3 g6 6. Bd3 Bg7 7. O-O O-O 8.
Nce2 Nc6 9. c3 Bd7 10. Bd2 Qc7 11. Ng3 Rac8 12. h4 h5 13. Nde2 d5 14. exd5 Nxd5
15. Qc1 Kh7 16. Nxh5 Bg4 17. Nxg7 Qe5 18. f3 Bd7 19. h5 Qxg7 20. hxg6+ fxg6 21.
Qb1 Rh8 22. Bxg6+ Qxg6 23. Qxg6+ Kxg6 24. Nf4+ Nxf4 25. Bxf4 Rcf8 26. Be3 a6
27. Rad1 Be6 28. Bd4 Nxd4 29. Rxd4 Rh7 30. b3 Rfh8 31. Kf2 Rh2 32. Re1 Bh3 33.
Rg1 b5 34. Kg3 Bf5 35. c4 Rh1 36. Rxh1 Rxh1 37. cxb5 axb5 38. Rd2 Ra1 39. Kf4
Bb1 40. Rd1 Rxa2 41. Rxb1 Rxg2 1/2-1/2

[Event "21. Copenhagen Open  (Politiken Cup)"]
[Site "Copenhagen"]
[Date "1999.07.06"]
[Round "4"]
[White "Jensen, John Klaus"]
[Black "Elakany, Mohammed"]
[Result "1-0"]
[WhiteElo "1563"]
[BlackElo "1172"]
[PlyCount "59"]
[EventDate "1999.07.03"]
[EventType "swiss"]
[EventRounds "11"]
[EventCountry "DEN"]
[SourceDate "2004.01.01"]

1. d4 d5 2. e4 dxe4 3. Nc3 Nc6 4. d5 Ne5 5. Bf4 Ng6 6. Bg3 a6 7. Nxe4 e6 8.
dxe6 Bxe6 9. Qxd8+ Rxd8 10. Nf3 Nh6 11. Bd3 Nf5 12. Bxc7 Rd5 13. O-O Bd6 14.
Bxd6 Nxd6 15. Nc3 Rc5 16. Rad1 Nc4 17. Ne4 Rd5 18. Bxc4 Rxd1 19. Rxd1 Bxc4 20.
Nd6+ Ke7 21. Nxc4 Nf4 22. g3 Ne6 23. Nb6 Re8 24. Rd7+ Kf8 25. Rxb7 Rd8 26. Rd7
Rb8 27. Nc4 Rb4 28. b3 Rb5 29. Nd4 Ke8 30. Nxb5 1-0

[Event "21. Copenhagen Open  (Politiken Cup)"]
[Site "Copenhagen"]
[Date "1999.07.06"]
[Round "4"]
[White "Jensen, Kasper Smith"]
[Black "Helin, Mikael"]
[Result "1-0"]
[WhiteElo "1944"]
[BlackElo "2200"]
[PlyCount "59"]
[EventDate "1999.07.03"]
[EventType "swiss"]
[EventRounds "11"]
[EventCountry "DEN"]
[SourceDate "2004.01.01"]

1. e4 c5 2. Nf3 a6 3. g3 Nc6 4. d4 cxd4 5. Nxd4 e6 6. b3 Nce7 7. Bg2 Ng6 8. Bb2
Nf6 9. O-O h5 10. f4 h4 11. f5 hxg3 12. fxg6 gxh2+ 13. Kh1 fxg6 14. e5 Nh5 15.
Qg4 g5 16. Be4 Qa5 17. Bg6+ Kd8 18. Bxh5 Qd5+ 19. Qf3 Rxh5 20. Qxd5 exd5 21.
Rxf8+ Kc7 22. Nc3 b5 23. Nxd5+ Kb7 24. Nf5 g4 25. Nd6+ Kc6 26. Ne7+ Kc5 27.
Nexc8 g3 28. Ne4+ Kc6 29. Ne7+ Kb7 30. Nd6+ 1-0

[Event "21. Copenhagen Open  (Politiken Cup)"]
[Site "Copenhagen"]
[Date "1999.07.06"]
[Round "4"]
[White "Jensen, Torben W"]
[Black "Rasmussen, Casper Dahl"]
[Result "0-1"]
[WhiteElo "1740"]
[BlackElo "2240"]
[PlyCount "98"]
[EventDate "1999.07.03"]
[EventType "swiss"]
[EventRounds "11"]
[EventCountry "DEN"]
[SourceDate "2004.01.01"]

1. e4 c5 2. Nc3 e6 3. d3 Nc6 4. g3 g6 5. Bg2 Bg7 6. Be3 d6 7. f4 Nge7 8. Nf3
O-O 9. O-O Nd4 10. Rb1 Qa5 11. Bd2 Qa6 12. a3 Bd7 13. Ne2 Rac8 14. Nexd4 cxd4
15. Bb4 Rfe8 16. Rf2 e5 17. fxe5 dxe5 18. Bxe7 Rxe7 19. Qd2 f6 20. Rbf1 Qb6 21.
b3 Qc5 22. a4 Qc3 23. Qxc3 Rxc3 24. Ne1 Rc6 25. h3 h5 26. Kh2 Kf7 27. Bf3 Bh6
28. Ng2 Kg7 29. Bd1 Bc8 30. Nh4 Bg5 31. Nf3 Be3 32. Rg2 Re8 33. Nd2 Rh8 34. Nc4
Bg5 35. Bf3 h4 36. g4 Bf4+ 37. Kh1 b6 38. Ra1 Be6 39. Rgg1 Rhc8 40. Ra2 Kh6 41.
Re1 Kg5 42. Kg2 a6 43. Rf1 b5 44. axb5 axb5 45. Na3 Ra6 46. Raa1 Rca8 47. c4
Rxa3 48. Rab1 bxc4 49. dxc4 Rb8 0-1

[Event "21. Copenhagen Open  (Politiken Cup)"]
[Site "Copenhagen"]
[Date "1999.07.06"]
[Round "4"]
[White "Johansen, Terje"]
[Black "Ori, Marco"]
[Result "1-0"]
[WhiteElo "2231"]
[BlackElo "2068"]
[PlyCount "75"]
[EventDate "1999.07.03"]
[EventType "swiss"]
[EventRounds "11"]
[EventCountry "DEN"]
[SourceDate "2004.01.01"]

1. d4 Nf6 2. c4 e6 3. Nc3 Bb4 4. Qc2 c5 5. dxc5 Na6 6. a3 Bxc3+ 7. Qxc3 Nxc5 8.
b4 Nce4 9. Qd4 d5 10. c5 h6 11. f3 Ng5 12. e3 Bd7 13. Bb2 Qc7 14. Bd3 Rc8 15.
Ne2 a6 16. Kf2 Rg8 17. Qe5 Qxe5 18. Bxe5 Ngh7 19. Nd4 Nf8 20. Nb3 Ng6 21. Bd6
Kd8 22. Na5 Bc6 23. a4 d4 24. Nxc6+ Rxc6 25. exd4 Rxd6 26. cxd6 Nf4 27. Be4 b6
28. b5 a5 29. Rhc1 Nxe4+ 30. fxe4 Nd3+ 31. Ke3 Nxc1 32. Rxc1 Kd7 33. Rc7+ Kxd6
34. Rb7 Rc8 35. e5+ Kd5 36. Kd3 Rd8 37. Rxf7 g5 38. Rb7 {time} 1-0

[Event "21. Copenhagen Open  (Politiken Cup)"]
[Site "Copenhagen"]
[Date "1999.07.06"]
[Round "4"]
[White "Jonkman, Harmen"]
[Black "Hillarp Persson, Tiger"]
[Result "1/2-1/2"]
[WhiteElo "2421"]
[BlackElo "2507"]
[PlyCount "78"]
[EventDate "1999.07.03"]
[EventType "swiss"]
[EventRounds "11"]
[EventCountry "DEN"]
[SourceDate "2004.01.01"]

1. e4 g6 2. d4 Bg7 3. Nf3 d6 4. c3 Nf6 5. Bd3 O-O 6. O-O Nc6 7. Re1 e5 8. h3 h6
9. Na3 Nh5 10. dxe5 dxe5 11. Be3 a6 12. Bc4 Qf6 13. Nh2 Nf4 14. Qf3 Nd8 15.
Bxf4 exf4 16. Bd5 c6 17. Bb3 b5 18. Nc2 Rb8 19. Nb4 Qg5 20. Nd3 Be5 21. h4 Qf6
22. Ng4 Bxg4 23. Qxg4 h5 24. Qg5 Qxg5 25. hxg5 Re8 26. a4 Nb7 27. axb5 axb5 28.
Ra7 Nd6 29. Nb4 Rbc8 30. f3 Kf8 31. Rd1 Re7 32. Ra6 Rec7 33. Nd3 Bg7 34. Nxf4
Nc4 35. Bxc4 bxc4 36. Rb6 Ke8 37. Kf1 Bf8 38. Ra6 Be7 39. Rd4 Bxg5 1/2-1/2

[Event "21. Copenhagen Open  (Politiken Cup)"]
[Site "Copenhagen"]
[Date "1999.07.06"]
[Round "4"]
[White "Jorgensen, Carina Eilegaard"]
[Black "Hansen, Morten Lyck"]
[Result "1/2-1/2"]
[WhiteElo "1574"]
[BlackElo "1847"]
[PlyCount "85"]
[EventDate "1999.07.03"]
[EventType "swiss"]
[EventRounds "11"]
[EventCountry "DEN"]
[SourceDate "2004.01.01"]

1. e4 c5 2. Nf3 d6 3. d4 cxd4 4. Nxd4 Nf6 5. Nc3 a6 6. Be3 e6 7. Bd3 b5 8. O-O
Bb7 9. f3 Be7 10. a4 bxa4 11. Rxa4 O-O 12. Qe2 Nbd7 13. Bxa6 Nc5 14. Bxb7 Nxa4
15. Bxa8 Nxc3 16. Qc4 Qxa8 17. Qxc3 Rc8 18. Qd3 d5 19. exd5 Nxd5 20. c3 Bc5 21.
Bf2 Qb7 22. Nb5 Nf4 23. Qe4 Nh3+ 24. gxh3 Qxb5 25. Bxc5 Qxc5+ 26. Kh1 Qb5 27.
Rf2 Rd8 28. h4 g6 29. Kg2 Qa5 30. b4 Qa1 31. c4 Rd1 32. b5 Rh1 33. Kh3 Qa7 34.
Rc2 Qd7 35. b6 Rg1 36. Qe5 Qd3 37. Qb8+ Kg7 38. Qe5+ f6 39. Qc7+ Kh6 40. Qf4+
Kh5 41. Rg2 Rxg2 42. Kxg2 Qe2+ 43. Kg3 1/2-1/2

[Event "21. Copenhagen Open  (Politiken Cup)"]
[Site "Copenhagen"]
[Date "1999.07.06"]
[Round "4"]
[White "Haagen Larsen, Hans"]
[Black "Kokholm, Daniel"]
[Result "1-0"]
[WhiteElo "1612"]
[BlackElo "1892"]
[PlyCount "72"]
[EventDate "1999.07.03"]
[EventType "swiss"]
[EventRounds "11"]
[EventCountry "DEN"]
[SourceDate "2004.01.01"]

1. d4 Nf6 2. Nf3 d6 3. Bf4 g6 4. h3 Bg7 5. e3 c5 6. c3 cxd4 7. exd4 O-O 8. Be2
Nbd7 9. O-O b6 10. Nbd2 Bb7 11. a4 a6 12. Qb3 h6 13. a5 e5 14. Be3 e4 15. Nh4
Nd5 16. Nxg6 fxg6 17. Nxe4 b5 18. Nxd6 Bc6 19. c4 bxc4 20. Nxc4 Kh8 21. Bf3
Rxf3 22. gxf3 Qh4 23. Kh2 Rf8 24. Rg1 Rxf3 25. Rg3 Nxe3 26. Nxe3 Rxf2+ 27. Ng2
Bxd4 28. Kh1 Qf4 29. Rg1 Be5 30. Kh2 Qd2 31. Kh1 Qf4 32. Kh2 Qh4 33. Qe3 Nf6
34. Qxe5 Kg7 35. Rg4 Qh5 36. Qxh5 Nxh5 1-0